| 000 | 00663nam a22001937a 4500 | ||
|---|---|---|---|
| 003 | SISC | ||
| 005 | 20170123115018.0 | ||
| 008 | 150812b xxu||||| |||| 00| 0 eng d | ||
| 020 | _a9780393239355 | ||
| 050 |
_aHD 45 _b.B916 2014 |
||
| 100 | _aBrynjolfsson, Erik. | ||
| 245 |
_aThe second machine age : _bwork, progress, and prosperity in a time of brilliant technologies / _cErik Brynjolfsson, Andrew McAfee. |
||
| 260 |
_aNew York : _bW.W. Norton & Company, _c2014. |
||
| 300 |
_a306 pages ; _c24 cm. |
||
| 500 | _aIncludes bibliographical references and index. | ||
| 650 | _aTechnological innovations. | ||
| 700 | _aMcAfee, Andrew. | ||
| 942 |
_2lcc _cBK _kFOR |
||
| 999 |
_c288394 _d288394 |
||